000 00444nam a2200205Ia 4500
001 12902
003 GE_BSU
008 181216s||||||||xx |||||||||||||| ||und||
020 _a0593043782
040 _cGE_BSU
080 _a821.111-32
100 _aMawson,Robert.
245 4 _aThe Lazarus Child.
260 _aLondon.
260 _bBantam Press.
260 _c1998
300 _a346p;24cm.
653 _aThe Lazarus Child.
942 _cBK
999 _c46072
_d46072